000 00370nam a2200145Ia 4500
008 240624s9999 xx 000 0 und d
041 _aeng
082 _a330.9 VAR
100 _aVAROUFAKIS YANIS
245 _aMODERN POLITICAL ECONOMICS MAKING SENSE
250 _a11
260 _c2011
_aNew York
_bRoutledge
300 _axv, : 530 : p. : cm. ; 24
365 _cBPS
_b27
999 _c17790
_d17790